000 00880nam a2200253Ia 4500
003 OSt
005 20220923221026.0
006 a|||||r|||| 00| 0
007 ta
008 220922b |||||||| |||| 00| 0 hin d
024 _a193,894
037 _cTextual
040 _aARTS
_cARTS
_bhin
041 _2hin
_ahin
082 _aO152,3x, L6
100 _aगुप्त, राकेश; चतुर्वेदी, ऋषि कुमार
_9164977
245 0 _aहिन्दी कहानी 1976
246 _aHindī kahānī 1976
260 _aअलीगढ़
_b ग्रंथायन
_c1976
300 _a304पृ.
_ccm.
650 _aहिन्दी साहित्य
_9156264
942 _hO152,3x, L6
_cTEXL
_2CC
999 _c346311
_d346311